| 000 | 00520nam a2200169Ia 4500 | ||
|---|---|---|---|
| 008 | 151213s9999 xx 000 0 und d | ||
| 020 | _a984-70215005 | ||
| 100 | _aনির্মল চন্দ্র পল | ||
| 245 |
_aস্ট্যাম্প আইন _cনির্মল চন্দ্র পল |
||
| 250 | _a1st | ||
| 260 |
_aDhaka _bHosne Ara and Murshida Akter _c2008 |
||
| 300 | _a6438 p. | ||
| 650 | _aLaw | ||
| 650 | _aLaw | ||
| 700 | _aনির্মল চন্দ্র পল | ||
| 999 |
_c3564 _d3564 |
||